Propuesta del procedimiento del costeo basado en las actividades. (Registro nro. 26677)

Detalles MARC
000 -LEADER
fixed length control field 00477 a2200145 4500
001 - CONTROL NUMBER
control field ART_12926
005 - DATE AND TIME OF LATEST TRANSACTION
control field 20260410161909.0
008 - FIXED-LENGTH DATA ELEMENTS--GENERAL INFORMATION
fixed length control field 260409a
100 1# - MAIN ENTRY--PERSONAL NAME
Personal name Pérez, Pilarín Baujín
245 10 - TITLE STATEMENT
Title Propuesta del procedimiento del costeo basado en las actividades.
700 1# - ADDED ENTRY--PERSONAL NAME
Personal name Falcón, Vladimir Vega
700 1# - ADDED ENTRY--PERSONAL NAME
Personal name Armenteros Díaz, Marta
700 1# - ADDED ENTRY--PERSONAL NAME
Personal name Frías Jimenéz, Roberto
773 0# - HOST ITEM ENTRY
Title Costos y gestión
Related parts - Año 15, Nº 58 (dic. 2005)
Record control number REV12786

No hay ítems disponibles.